Movies Quiz

Random Movies or Actor Quiz
Score 0/25 Timer 10:00
0 Plays Today
Position/Year Film % Correct
4th (1966)The Good the Bad and the Ugly
95.8%
9th (1960)Psycho
95.8%
12th (1960)The Apartment
91.7%
13th (1962)Lawrence of Arabia
91.7%
17th (1964)Dr. Strangelove or: How I Learned to Stop Worrying and Love the Bomb
91.7%
8th (1968)2001: A Space Odyssey
87.5%
11th (1968)Once Upon a Time in the West
79.2%
14th (1963)
79.2%
5th (1966)Persona
66.7%
21st (1960)La Dolce Vita
66.7%
6th (1966)Andrei Rublev
62.5%
18th (1961)Yojimbo
62.5%
3rd (1963)High and Low
54.2%
Position/Year Film % Correct
1st (1962)Harakiri
45.8%
19th (1966)The Battle of Algiers
45.8%
7th (1964)Woman in the Dunes
37.5%
15th (1969)Army of Shadows
37.5%
25th (1967)The Young Girls of Rochefort
37.5%
2nd (1961)The Human Condition III: A Soldier’s Prayer
33.3%
24th (1960)Rocco and His Brothers
33.3%
20th (1964)I Am Cuba
29.2%
22nd (1966)War and Peace
29.2%
10th (1960)Le Trou
25%
23rd (1962)An Autumn Afternoon
25%
16th (1962)The Given Word
8.3%
Remove Ads.
Support Sporcle.
Get the best of Sporcle when you Go Orange. This ad-free experience offers more features, more stats, and more fun while also helping to support Sporcle. Thank you for becoming a member.

You're not logged in!

Compare scores with friends on all Sporcle quizzes.
OR
Log In

Sporcle TV

Today on Sporcle TV


Watch our educational content, quiz creation guides, and fun videos on Sporcle TV.

Show Comments

Extras

Top Quizzes Today


Score Distribution

Paid Content

Your Account Isn't Verified!

In order to create a playlist on Sporcle, you need to verify the email address you used during registration. Go to your Sporcle Settings to finish the process.

Report this User

Report this user for behavior that violates our Community Guidelines.

Details: